<?xml version='1.0' encoding='UTF-8'?>
  <record xmlns="http://www.loc.gov/MARC21/slim">
    <leader>00000nam a2200000 i 4500</leader>
    <controlfield tag="001">ocn974156138</controlfield>
    <controlfield tag="003">OCoLC</controlfield>
    <controlfield tag="005">20250730021403.7</controlfield>
    <controlfield tag="008">991018s1709    ne            000 0 dut d</controlfield>
    <datafield tag="040" ind1=" " ind2=" ">
      <subfield code="a">QGJ</subfield>
      <subfield code="b">dut</subfield>
      <subfield code="c">QGJ</subfield>
      <subfield code="d">OCLCL</subfield>
      <subfield code="d">OCLCQ</subfield>
    </datafield>
    <datafield tag="035" ind1=" " ind2=" ">
      <subfield code="a">(OCoLC)974156138</subfield>
    </datafield>
    <datafield tag="084" ind1=" " ind2=" ">
      <subfield code="a">74.23</subfield>
      <subfield code="2">bcl</subfield>
    </datafield>
    <datafield tag="100" ind1="1" ind2=" ">
      <subfield code="a">Bosman, Willem,</subfield>
      <subfield code="d">1672-?</subfield>
    </datafield>
    <datafield tag="245" ind1="1" ind2="0">
      <subfield code="a">Nauwkeurige beschryving van de Guinese Goud-, Tand- en Slavekust, nevens alle desselfs landen, koningryken, en gemenebesten, van de zeeden der inwoonders, hun godsdienst, regeering, regtspleeging, oorlogen, trouwen, begraven, enz., mitsgaders de gesteldheid des lands, veld- en boomgewassen, alderhande dieren, zo wilde als tamme, viervoetige en kruipende, als ook 't pluim-gedierte, vissen en andere zeldzaamheden meer, tot nog toe de Europeërs onbekend /</subfield>
      <subfield code="c">door Willem Bosman.</subfield>
    </datafield>
    <datafield tag="246" ind1="1" ind2=" ">
      <subfield code="a">Beschryving van de Guinese Goudcust, slavenhandel etc.</subfield>
    </datafield>
    <datafield tag="246" ind1="1" ind2=" ">
      <subfield code="a">Beschryving van de Guinese Goud-kust, waar by gevoegt is, een net verhaal van den slavehandel</subfield>
    </datafield>
    <datafield tag="246" ind1="1" ind2=" ">
      <subfield code="a">Beschryving van Rio Formosa, anders gesegt de Benin ...</subfield>
    </datafield>
    <datafield tag="250" ind1=" " ind2=" ">
      <subfield code="a">In deze 2de druk van veel fauten gesuyverd en verm., en met veel nieuwe fyne kopere plaaten verm. en verçierd.</subfield>
    </datafield>
    <datafield tag="264" ind1=" " ind2="1">
      <subfield code="a">t'Amsterdam :</subfield>
      <subfield code="b">by Isaak Stokmans,</subfield>
      <subfield code="c">1709.</subfield>
    </datafield>
    <datafield tag="300" ind1=" " ind2=" ">
      <subfield code="a">[24], 207, 279, [29] p. :</subfield>
      <subfield code="b">ill. ;</subfield>
      <subfield code="c">20 cm</subfield>
    </datafield>
    <datafield tag="336" ind1=" " ind2=" ">
      <subfield code="a">tekst</subfield>
      <subfield code="b">txt</subfield>
      <subfield code="2">rdacontent/dut</subfield>
    </datafield>
    <datafield tag="337" ind1=" " ind2=" ">
      <subfield code="a">zonder medium</subfield>
      <subfield code="b">n</subfield>
      <subfield code="2">rdamedia/dut</subfield>
    </datafield>
    <datafield tag="338" ind1=" " ind2=" ">
      <subfield code="a">band</subfield>
      <subfield code="b">nc</subfield>
      <subfield code="2">rdacarrier/dut</subfield>
    </datafield>
    <datafield tag="340" ind1=" " ind2=" ">
      <subfield code="m">4-o.</subfield>
    </datafield>
    <datafield tag="500" ind1=" " ind2=" ">
      <subfield code="a">Titel op titelgravure: Beschryving van de Guinese Goudcust, slavenhandel etc.</subfield>
    </datafield>
    <datafield tag="500" ind1=" " ind2=" ">
      <subfield code="a">Dl. 2 o.d.t.: Beschryving van de Guinese Goud-kust, waar by gevoegt is, een net verhaal van den slavehandel; dl. 3 o.d.t. Beschryving van Rio Formosa, anders gesegt de Benin ...</subfield>
    </datafield>
    <datafield tag="500" ind1=" " ind2=" ">
      <subfield code="a">Imprint: t'Amsterdam, by Isaak Stokmans, boekverkooper op 't Rokkin, in Calvinus. 1709.</subfield>
    </datafield>
    <datafield tag="530" ind1=" " ind2=" ">
      <subfield code="a">Also available in online version.</subfield>
    </datafield>
    <datafield tag="651" ind1=" " ind2="7">
      <subfield code="a">Guinee.</subfield>
      <subfield code="0">(NL-LeOCL)078527783.</subfield>
      <subfield code="2">gtt</subfield>
    </datafield>
    <datafield tag="710" ind1="2" ind2=" ">
      <subfield code="a">Gecommitteerde Bewindhebberen van de Generale Geoctroyeerde Westindische Compagnie.</subfield>
      <subfield code="4">dte</subfield>
    </datafield>
    <datafield tag="758" ind1=" " ind2=" ">
      <subfield code="a">Nauwkeurige beschryving van de Guinese Goud-, Tand- en Slavekust, nevens alle desselfs landen, koningryken, en gemenebesten, van de zeeden der inwoonders, hun godsdienst, regeering, regtspleeging, oorlogen, trouwen, begraven, enz., mitsgaders de gesteldheid des lands, veld- en boomgewassen, alderhande dieren, zo wilde als tamme, viervoetige en kruipende, als ook 't pluim-gedierte, vissen en andere zeldzaamheden meer, tot nog toe de Europeërs onbekend (Text)</subfield>
      <subfield code="1">https://id.oclc.org/worldcat/entity/E39PD3JCgwk9TVkRpKghcJwMPP</subfield>
      <subfield code="4">https://id.oclc.org/worldcat/ontology/hasWork</subfield>
    </datafield>
    <datafield tag="776" ind1="0" ind2="8">
      <subfield code="i">Online version:</subfield>
      <subfield code="a">Bosman, Willem,</subfield>
      <subfield code="t">Nauwkeurige beschryving van de Guinese Goud-, Tand- en Slavekust, nevens alle desselfs landen, koningryken, en gemenebesten, van de zeeden der inwoonders, hun godsdienst, regeering, regtspleeging, oorlogen, trouwen, begraven, enz., mitsgaders de gesteldheid des lands, veld- en boomgewassen, alderhande dieren, zo wilde als tamme, viervoetige en kruipende, als ook 't pluim-gedierte, vissen en andere zeldzaamheden meer, tot nog toe de Europeërs onbekend.</subfield>
      <subfield code="d">t'Amsterdam : by Isaak Stokmans, 1709.</subfield>
    </datafield>
    <datafield tag="856" ind1="4" ind2="1">
      <subfield code="u">http://objects.library.uu.nl/reader/resolver.php?obj=000021314&amp;type=2</subfield>
      <subfield code="x">Online</subfield>
      <subfield code="z">Full text</subfield>
    </datafield>
    <datafield tag="936" ind1=" " ind2=" ">
      <subfield code="a">BATCHLOAD</subfield>
    </datafield>
  </record>